02873nam a2200325 a 4500001000700000003000900007005001700016007001000033008004100043020001800084040002200102082002700124092000600151100000600157245005900163260005400222300004400276505109500320520066301415650002902078650003702107650003102144700000902175710002502184910004702209942001202256952013402268952012802402999001702530 1619 DO-SdBNP20220526090558.0000016193100301s2007 sp a 001 0 spa d a9788496429949 aBPMSUbspacBPMSU 4a728.3bE235a 2007 222 a 1 a 00aArquitectura actual : bedificios de apartamentos c  a[México]: bInstituto Monsa de Ediciones,c2010 a239 p. :b planos + retrs. ; c 33 cm.0 aMurphy/Jahn : Residencia de Estudiantes del ITT (Chicago, USA) -- Archi-Tectonics : Greenwich Street (New York, USA) -- AHMM :Raines Court (Londres) -- Edouard François : Torre de las Flores (Paris, France) -- Edouard François : Edificio Creciente (Montpellier,France) -- Engelenmoore : 150 Liverpool Street ; Kings Lane ; 138 Barcom Avenue ; Edificio Cuadrícula (Sydney, Australia) -- Perkins & Will : Skybridge (Chicago,USA) -- 24 H Architecture : Complejo en Getsewoud (Amsterdam, Pays-Bas) -- GCA Arquitectes :Apartamentos en Sabadell (Espagne) -- Despang Architekten : Apartamentos en Hannover (Hanovre, Allemagne) -- Hans Peter Wörndl : Z'aum-G'ruckt (Salzburg, Autriche) -- EEA Architects : Apartamentos en Mauritskade (Amsterdam, Pays-Bas) -- Pugh + Scarpa : Colorado Court ; Lofts de artistas Bergamot (Santa Monica, USA) -- Tannerhecht Archiecture : Lofts en Cannery (Newport Beach, USA) -- Klein Dytham Architecture : Apartamentos en Nagoya (Tokyo, Japon) -- Dale Jones-Evans : Apartamentos Metalika (Sydney, Australie) -- Camezind Evolution : Seewurfel (Zurich, Suisse). a'Edificios residenciales' reúne alguno de los últimos diseños de arquitectos contemporáneos, de renombre local e internacional, destacando las tendencias más actuales en la arquitectura aplicada a los proyectos residenciales múltiples. los proyectos mostrados, que constan de estructuras completamente nuevas diseñadas en su totalidad por los arquitectos, están ilustrados como una serie fotográfica que muestra el exterior de cada edificio, así como sus zonas comunes y espacios interiores privados. Una selección de planos y el texto descriptivo acompañante exploran cada proyecto con mayor profundidad y detalle."--Page 4 of cover. aARQUITECTURA DOMÉSTICA aARQUITECTURA MODERNA ySIGLO XX  aEDIFICIOS DE APARTAMENTOS 1 a e  aArquitectura Actual  aVMateo V./Validado. Control de calidad MFF 2ddccBK 00102ddc40708CGaBPMETbBPMETd2016-06-21eCompraoBPMSU CG 728.3 E235a 2007pBPMSU16060263r2016-06-21te. 2w2016-06-21yBK 00102ddc40708CGaBPMETbBPMETd2017-09-15eCompraoBPMSU CG 728.3 E235a 2007pBPMSU17090016r2017-09-15w2017-09-15yBK c10454d10454